Ars amandi (Record no. 186272)

MARC details
000 -LEADER
campo de control de longitud fija 00779nam a2200229 i 4500
001 - NÚMERO DE CONTROL
campo de control 186272
003 - IDENTIFICADOR DE NÚMERO DE CONTROL
campo de control SpMaBN
005 - FECHA Y HORA DE LA ÚLTIMA TRANSACCIÓN
campo de control 20250821070531.0
008 - DATOS DE LONGITUD FIJA--INFORMACIÓN GENERAL
campo de control de longitud fija 160930s2001 sp |||| | spa d
020 ## - NÚMERO INTERNACIONAL ESTÁNDAR DEL LIBRO
Número Internacional Estándar del Libro 84-95408-08-2
080 ## - NÚMERO DE LA CLASIFICACIÓN DECIMAL UNIVERSAL
Número de la Clasificación Decimal Universal 821.134.2-14"19"
100 0# - ENTRADA PRINCIPAL--NOMBRE DE PERSONA
Nombre de persona Vázquez Montalbán, Manuel,
Fechas asociadas al nombre 1939-
9 (RLIN) 113463
245 10 - MENCIÓN DEL TÍTULO
Título Ars amandi
Resto del título : poesía erótico amorosa (1963-2000) /
Mención de responsabilidad, etc. Manuel Vázquez Montalbán.
260 ## - PUBLICACIÓN, DISTRIBUCIÓN, ETC.
Lugar de publicación, distribución, etc. Madrid :
Nombre del editor, distribuidor, etc. Bartleby,
Fecha de publicación, distribución, etc. [2001]
300 ## - DESCRIPCIÓN FÍSICA
Extensión 87 p. ;
Dimensiones 21 cm.
490 1# - MENCIÓN DE SERIE
Mención de serie Bartleby poesía
830 0# - PUNTO DE ACCESO ADICIONAL DE SERIE-TÍTULO UNIFORME
Título uniforme Bartleby poesía
9 (RLIN) 183408
852 ## - LOCALIZACIÓN
Ubicación ES-MaACL
Número de control de estantería A-13880
itemnumber 193327
Sublocalización o colección R.151182
Ubicación en estantería Depósito 1
Signatura antigua Olim: N-6880
Donativo/Legado Donación: Manuel Spinola
903 ## - NOMBRE PERSONAL DE DONANTE
a Spínola, Manuel,
d 1948-
e Donante
9 161019
942 ## - ELEMENTOS DE ENTRADA SECUNDARIOS (KOHA)
Fuente del sistema de clasificación o colocación Clasificación decimal universal
Tipo de ítem Koha Libro impreso
Holdings
Estatus retirado Estado de pérdida Fuente del sistema de clasificación o colocación Estado de daño No para préstamo Biblioteca de origen Biblioteca actual Ubicación en estantería Fecha de adquisición Fuente de adquisición Total de préstamos Signatura topográfica completa Código de barras Visto por última vez Precio de reemplazo Tipo de ítem Koha
    Clasificación decimal universal     Biblioteca del Ateneo de Madrid Biblioteca del Ateneo de Madrid Depósito 1 30/09/2016 Donación   A-13880 1196404 23/02/2023 23/02/2023 Libro impreso